<?xml version="1.0" encoding="UTF-8"?>
<record
    xmlns:xsi="http://www.w3.org/2001/XMLSchema-instance"
    xsi:schemaLocation="http://www.loc.gov/MARC21/slim http://www.loc.gov/standards/marcxml/schema/MARC21slim.xsd"
    xmlns="http://www.loc.gov/MARC21/slim">

  <leader>01126pam a2200373 i 4500</leader>
  <controlfield tag="001">vtls000882145</controlfield>
  <controlfield tag="003">PNM</controlfield>
  <controlfield tag="005">20210325153643.0</controlfield>
  <controlfield tag="008">190802t20202020my     e     a000 0 may  </controlfield>
  <datafield tag="015" ind1=" " ind2=" ">
    <subfield code="a">M201-02141</subfield>
  </datafield>
  <datafield tag="020" ind1=" " ind2=" ">
    <subfield code="a">9789834925529</subfield>
    <subfield code="q">paperback</subfield>
    <subfield code="c">RM35.00</subfield>
  </datafield>
  <datafield tag="039" ind1=" " ind2="9">
    <subfield code="a">202102092152</subfield>
    <subfield code="b">habirah</subfield>
    <subfield code="c">202011301432</subfield>
    <subfield code="d">sazlan</subfield>
    <subfield code="c">202009081230</subfield>
    <subfield code="d">ety</subfield>
    <subfield code="c">201908152121</subfield>
    <subfield code="d">amy_z</subfield>
  </datafield>
  <datafield tag="040" ind1=" " ind2=" ">
    <subfield code="a">BNM</subfield>
    <subfield code="b">eng</subfield>
    <subfield code="c">BNM</subfield>
    <subfield code="e">rda</subfield>
    <subfield code="d">PPAK</subfield>
  </datafield>
  <datafield tag="049" ind1=" " ind2=" ">
    <subfield code="a">mal</subfield>
  </datafield>
  <datafield tag="082" ind1="0" ind2="4">
    <subfield code="a">899.23</subfield>
    <subfield code="2">23</subfield>
  </datafield>
  <datafield tag="090" ind1="0" ind2="0">
    <subfield code="a">899.23</subfield>
    <subfield code="b">AKA</subfield>
    <subfield code="d">G</subfield>
  </datafield>
  <datafield tag="090" ind1="2" ind2="0">
    <subfield code="a">899.23</subfield>
    <subfield code="b">AKA</subfield>
    <subfield code="d">KK</subfield>
  </datafield>
  <datafield tag="100" ind1="0" ind2=" ">
    <subfield code="a">A. Kadir Jasin,</subfield>
    <subfield code="c">Datuk,</subfield>
    <subfield code="d">1947-</subfield>
    <subfield code="e">author.</subfield>
  </datafield>
  <datafield tag="245" ind1="1" ind2="0">
    <subfield code="a">A KADIR JASIN Bercerita /</subfield>
    <subfield code="c">A Kadir Jasin</subfield>
  </datafield>
  <datafield tag="264" ind1=" " ind2="1">
    <subfield code="a">Kuala Lumpur :</subfield>
    <subfield code="b">Dewan Bahasa dan Pustaka,</subfield>
    <subfield code="c">2020</subfield>
  </datafield>
  <datafield tag="264" ind1=" " ind2="1">
    <subfield code="c">&#xA9;2020</subfield>
  </datafield>
  <datafield tag="300" ind1=" " ind2=" ">
    <subfield code="a">xii, 206 pages ;</subfield>
    <subfield code="c">23 cm</subfield>
  </datafield>
  <datafield tag="336" ind1=" " ind2=" ">
    <subfield code="a">text</subfield>
    <subfield code="2">rdacontent</subfield>
  </datafield>
  <datafield tag="337" ind1=" " ind2=" ">
    <subfield code="a">unmediated</subfield>
    <subfield code="2">rdamedia</subfield>
  </datafield>
  <datafield tag="338" ind1=" " ind2=" ">
    <subfield code="a">volume</subfield>
    <subfield code="2">rdacarrier</subfield>
  </datafield>
  <datafield tag="500" ind1=" " ind2=" ">
    <subfield code="a">Includes index</subfield>
  </datafield>
  <datafield tag="650" ind1="1" ind2="0">
    <subfield code="a">Communities in literature</subfield>
  </datafield>
  <datafield tag="650" ind1="2" ind2="0">
    <subfield code="a">Community life in literature</subfield>
  </datafield>
  <datafield tag="650" ind1="2" ind2="0">
    <subfield code="a">Government publications</subfield>
    <subfield code="z">Malaysia</subfield>
  </datafield>
  <datafield tag="942" ind1=" " ind2=" ">
    <subfield code="2">ddc</subfield>
    <subfield code="c">B</subfield>
  </datafield>
  <datafield tag="949" ind1=" " ind2=" ">
    <subfield code="6">2000701899</subfield>
  </datafield>
  <datafield tag="949" ind1=" " ind2=" ">
    <subfield code="6">2000701901</subfield>
  </datafield>
  <datafield tag="949" ind1=" " ind2=" ">
    <subfield code="6">2000701900</subfield>
  </datafield>
  <datafield tag="999" ind1=" " ind2=" ">
    <subfield code="c">182980</subfield>
    <subfield code="d">182980</subfield>
  </datafield>
  <datafield tag="952" ind1=" " ind2=" ">
    <subfield code="0">0</subfield>
    <subfield code="7">0</subfield>
    <subfield code="b">PPAK</subfield>
    <subfield code="c">G</subfield>
    <subfield code="d">2021-04-25</subfield>
    <subfield code="l">1</subfield>
    <subfield code="o">899.23 AKA</subfield>
    <subfield code="p">A01684700</subfield>
    <subfield code="r">2023-02-14 00:00:00</subfield>
    <subfield code="s">2023-01-24</subfield>
    <subfield code="y">B</subfield>
  </datafield>
  <datafield tag="952" ind1=" " ind2=" ">
    <subfield code="0">0</subfield>
    <subfield code="7">0</subfield>
    <subfield code="b">SP</subfield>
    <subfield code="c">G</subfield>
    <subfield code="d">2021-04-25</subfield>
    <subfield code="l">2</subfield>
    <subfield code="m">2</subfield>
    <subfield code="o">899.23 AKA</subfield>
    <subfield code="p">A01684701</subfield>
    <subfield code="r">2025-12-16 14:49:20</subfield>
    <subfield code="s">2025-11-11</subfield>
    <subfield code="y">B</subfield>
  </datafield>
  <datafield tag="952" ind1=" " ind2=" ">
    <subfield code="0">0</subfield>
    <subfield code="7">0</subfield>
    <subfield code="b">KM</subfield>
    <subfield code="c">G</subfield>
    <subfield code="d">2021-04-25</subfield>
    <subfield code="o">899.23 AKA</subfield>
    <subfield code="p">A01684702</subfield>
    <subfield code="r">2021-04-25 00:00:00</subfield>
    <subfield code="y">B</subfield>
  </datafield>
  <datafield tag="952" ind1=" " ind2=" ">
    <subfield code="0">0</subfield>
    <subfield code="7">0</subfield>
    <subfield code="b">BL</subfield>
    <subfield code="c">G</subfield>
    <subfield code="d">2021-04-25</subfield>
    <subfield code="l">1</subfield>
    <subfield code="o">899.23 AKA</subfield>
    <subfield code="p">A01684703</subfield>
    <subfield code="q">2026-07-21</subfield>
    <subfield code="r">2026-06-30 13:47:34</subfield>
    <subfield code="s">2026-06-30</subfield>
    <subfield code="y">B</subfield>
  </datafield>
  <datafield tag="952" ind1=" " ind2=" ">
    <subfield code="0">0</subfield>
    <subfield code="7">0</subfield>
    <subfield code="b">BB</subfield>
    <subfield code="c">G</subfield>
    <subfield code="d">2021-04-25</subfield>
    <subfield code="o">899.23 AKA</subfield>
    <subfield code="p">A01684704</subfield>
    <subfield code="r">2021-04-25 00:00:00</subfield>
    <subfield code="y">B</subfield>
  </datafield>
  <datafield tag="952" ind1=" " ind2=" ">
    <subfield code="0">0</subfield>
    <subfield code="7">0</subfield>
    <subfield code="b">MR</subfield>
    <subfield code="c">G</subfield>
    <subfield code="d">2021-04-25</subfield>
    <subfield code="o">899.23 AKA</subfield>
    <subfield code="p">A01684705</subfield>
    <subfield code="r">2021-04-25 00:00:00</subfield>
    <subfield code="y">B</subfield>
  </datafield>
  <datafield tag="952" ind1=" " ind2=" ">
    <subfield code="0">0</subfield>
    <subfield code="7">0</subfield>
    <subfield code="b">YN</subfield>
    <subfield code="c">G</subfield>
    <subfield code="d">2021-04-25</subfield>
    <subfield code="o">899.23 AKA</subfield>
    <subfield code="p">A01684706</subfield>
    <subfield code="r">2021-04-25 00:00:00</subfield>
    <subfield code="y">B</subfield>
  </datafield>
  <datafield tag="952" ind1=" " ind2=" ">
    <subfield code="0">0</subfield>
    <subfield code="7">0</subfield>
    <subfield code="b">SK</subfield>
    <subfield code="c">G</subfield>
    <subfield code="d">2021-04-25</subfield>
    <subfield code="o">899.23 AKA</subfield>
    <subfield code="p">A01684707</subfield>
    <subfield code="r">2021-04-25 00:00:00</subfield>
    <subfield code="y">B</subfield>
  </datafield>
  <datafield tag="952" ind1=" " ind2=" ">
    <subfield code="0">0</subfield>
    <subfield code="7">0</subfield>
    <subfield code="b">KN</subfield>
    <subfield code="c">G</subfield>
    <subfield code="d">2021-04-25</subfield>
    <subfield code="o">899.23 AKA</subfield>
    <subfield code="p">A01684708</subfield>
    <subfield code="r">2021-04-25 00:00:00</subfield>
    <subfield code="y">B</subfield>
  </datafield>
  <datafield tag="952" ind1=" " ind2=" ">
    <subfield code="0">0</subfield>
    <subfield code="7">0</subfield>
    <subfield code="b">PG</subfield>
    <subfield code="c">G</subfield>
    <subfield code="d">2021-04-25</subfield>
    <subfield code="l">1</subfield>
    <subfield code="m">1</subfield>
    <subfield code="o">899.23 AKA</subfield>
    <subfield code="p">A01684709</subfield>
    <subfield code="r">2022-01-24 00:00:00</subfield>
    <subfield code="s">2021-12-05</subfield>
    <subfield code="y">B</subfield>
  </datafield>
  <datafield tag="952" ind1=" " ind2=" ">
    <subfield code="0">0</subfield>
    <subfield code="7">0</subfield>
    <subfield code="b">PD3</subfield>
    <subfield code="c">G</subfield>
    <subfield code="d">2021-04-25</subfield>
    <subfield code="o">899.23 AKA</subfield>
    <subfield code="p">A01684710</subfield>
    <subfield code="r">2021-04-25 00:00:00</subfield>
    <subfield code="y">B</subfield>
  </datafield>
  <datafield tag="952" ind1=" " ind2=" ">
    <subfield code="0">0</subfield>
    <subfield code="7">0</subfield>
    <subfield code="b">PD8</subfield>
    <subfield code="c">G</subfield>
    <subfield code="d">2021-04-25</subfield>
    <subfield code="o">899.23 AKA</subfield>
    <subfield code="p">A01684712</subfield>
    <subfield code="r">2021-04-25 00:00:00</subfield>
    <subfield code="y">B</subfield>
  </datafield>
  <datafield tag="952" ind1=" " ind2=" ">
    <subfield code="0">0</subfield>
    <subfield code="7">1</subfield>
    <subfield code="b">PPAK</subfield>
    <subfield code="c">KK</subfield>
    <subfield code="d">2021-04-25</subfield>
    <subfield code="o">KK 899.23 AKA</subfield>
    <subfield code="p">A01684713</subfield>
    <subfield code="r">2021-04-25 00:00:00</subfield>
    <subfield code="y">B</subfield>
  </datafield>
</record>
